Oynatmak (Record no. 2924)

000 -LEADER
fixed length control field 00514nam a22001817a 4500
008 - FIXED-LENGTH DATA ELEMENTS--GENERAL INFORMATION
fixed length control field 180502b xxu||||| |||| 00| | tur d
020 ## - INTERNATIONAL STANDARD BOOK NUMBER
International Standard Book Number 9758658611
041 ## - LANGUAGE CODE
Language code of text/sound track or separate title Türkçe
050 ## - LIBRARY OF CONGRESS CALL NUMBER
Classification number PL248.E63
100 ## - MAIN ENTRY--PERSONAL NAME
9 (RLIN) 1449
Personal name Erdoğdu, Hayri
245 ## - TITLE STATEMENT
Title Oynatmak
Remainder of title Kalabalık Yalnızlıklar
250 ## - EDITION STATEMENT
Edition statement 1. baskı
260 ## - PUBLICATION, DISTRIBUTION, ETC.
Place of publication, distribution, etc. İstanbul
Name of publisher, distributor, etc. Karakutu Yayınları
Date of publication, distribution, etc. Şubat 2004
300 ## - PHYSICAL DESCRIPTION
Extent 351 Sayfa
500 ## - GENERAL NOTE
General note Karakutu Yayınları: 45; Türk Edebiyatı / Roman: 4
650 #0 - SUBJECT ADDED ENTRY--TOPICAL TERM
9 (RLIN) 145
Topical term or geographic name entry element Türk Edebiyatı
942 ## - ADDED ENTRY ELEMENTS (KOHA)
Source of classification or shelving scheme
Koha item type Books
Holdings
Withdrawn status Lost status Source of classification or shelving scheme Damaged status Not for loan Permanent Location Current Location Shelving location Date acquired Full call number Barcode Date last seen Price effective from Koha item type
        Ödünç verilemez İmren Ahmet Tüzün Kütüphanesi İmren Ahmet Tüzün Kütüphanesi Ahmet Tüzün 2019-01-11 PL248.E63 100100002872 2019-01-11 2019-01-11 Books

This software was implemented, installed and managed by Devinim Software Training Consulting .